Deutsches und Slavisches in der Toponymie des nördlichen Niedersachsen
| Titel: | Deutsches und Slavisches in der Toponymie des nördlichen Niedersachsen : Die Ortsnamen des Amtes Neuhaus, Kr. Lüneburg |
|---|---|
| Verfasser: | |
| In: |
Onomastica Slavogermanica, Band 23 (1998), Seite 77-109 alle Artikel anzeigen |
| Veröffentlicht: | 1998 |
| Format: | Aufsatz |
| Sprache: | Deutsch |
X
alg: 39157285 001A $01999:11-11-16 001B $01999:12-07-19 $t16:20:46.000 001C $06050:19-11-16 $t08:51:23.000 001D $01999:11-11-16 001U $0utf8 001X $00 002@ $0Aox 003@ $0391572857 007A $0391572857 $aHEB 007T $0Herd16532 010@ $ager 011@ $a1998 021A $aDeutsches und Slavisches in der Toponymie des nördlichen Niedersachsen $dDie Ortsnamen des Amtes Neuhaus, Kr. Lüneburg 028A $7109535723 $8Udolph, Jürgen$Z1943- [Tp1] $9144214164 031A $d23 $h77-109 $j1998 039B $aIn $8--Abvc--. Onomastica Slavogermanica. - Stuttgart ; Leipzig : Hirzel, 1965-. - ISSN 0474-1471 $x199800000230000923 $9047296038 045T $a7,11 $a7,39 045T $aLING $qDE-30 $2FID 045T $aGER $qDE-30 $2FID lok: 39157285 78 exp: 39157285 78 1 #EPN 201B/01 $003-04-17 $t17:57:59.000 201U/01 $0utf8 203@/01 $0787667102 208@/01 $a11-11-16 $be 209A/01 $a/ $f000 $x00 220C/01 $aTitelaufnehmer: ra;ja;as 244Z/01 $2Trx $#Germania Slavica $#"Germania Slavica" $#Germania Slavica $#Germania Slavica $#Germania Slavica $#Germania Slavica $#Germania Slavica $8--Trx--Germania Slavica $x01 $9391371002 244Z/01 $2Trx $8--Trx--Neuhaus$gLüneburg $x02 $9391249649 244Z/01 $2Trx $#nimeteadus asukohad $#onomastika vietovardžiai $#onomatology places $#névtan helységek $#onomastyka, miejscowości $#onomastika miesta $#onomastika místa $#Toponomie $#toponomastyka $#toponomastika $8--Trx--Namenkunde$gOrte $x03 $9391383450 244Z/01 $2Trx $#Germania Slavica $#"Germania Slavica" $#Germania Slavica $#Germania Slavica $#Germania Slavica $#Germania Slavica $#Germania Slavica $8--Trx--Germania Slavica $x04 $9391371002 244Z/01 $2Trx $8--Trx--Zeitschriftenaufsatz $x05 $9391384341 245Z/01 $a11.07 $x01 247C/01 $82080>Marburg/Lahn, Herder-Institut, Forschungsbibliothek, Bibliographieportal $9336309341
| LEADER | 00000caa a22000002c 4500 | ||
|---|---|---|---|
| 001 | 391572857 | ||
| 003 | DE-603 | ||
| 005 | 20190712162046.0 | ||
| 007 | tu | ||
| 008 | 161111s1998 xx |||| | u00||u|ger c | ||
| 035 | |a (DE-599)HEB391572857 | ||
| 040 | |a DE-603 |b ger |c DE-603 |d DE-603 | ||
| 041 | |a ger | ||
| 084 | |a 7,11 |a 7,39 |2 ssgn | ||
| 084 | |a LING |q DE-30 |2 fid | ||
| 084 | |a GER |q DE-30 |2 fid | ||
| 100 | 1 | |a Udolph, Jürgen |d 1943- |0 (DE-603)144214164 |0 (DE-588)109535723 |2 gnd | |
| 245 | 0 | 0 | |a Deutsches und Slavisches in der Toponymie des nördlichen Niedersachsen |b Die Ortsnamen des Amtes Neuhaus, Kr. Lüneburg |
| 264 | 0 | |c 1998 | |
| 773 | 0 | 8 | |i In |t Onomastica Slavogermanica |d Stuttgart ; Leipzig : Hirzel, 1965- |h 24 cm |x 0474-1471 |g Band 23 (1998), Seite 77-109 |w (DE-603)047296038 |w (DE-600)207370-5 |
| 924 | 0 | |9 2080 |a (DE-603)787667102 |b DE-2080 |c HES |d d |g / | |


